Welcome to WEB OPAC of MRSPTU Central Library

All about words : an adult approach vocabulary building (Record no. 3910)

MARC details
000 -LEADER
fixed length control field 00421nam a2200157Ia 4500
008 - FIXED-LENGTH DATA ELEMENTS--GENERAL INFORMATION
fixed length control field 230711s9999||||xx |||||||||||||| ||und||
041 ## - LANGUAGE CODE
Language code of text/sound track or separate title ENG
082 ## - DEWEY DECIMAL CLASSIFICATION NUMBER
Classification number 667
Item number MU-A
100 ## - MAIN ENTRY--PERSONAL NAME
Personal name Nurnberg,Maxwell
245 #0 - TITLE STATEMENT
Title All about words : an adult approach vocabulary building
250 ## - EDITION STATEMENT
Edition statement 1st . Ed.
260 ## - PUBLICATION, DISTRIBUTION, ETC.
Date of publication, distribution, etc. 2000
Place of publication, distribution, etc. New Delhi
Name of publisher, distributor, etc. Laxmi Publications(P) Ltd
650 ## - SUBJECT ADDED ENTRY--TOPICAL TERM
Topical term or geographic name entry element Literature
700 ## - ADDED ENTRY--PERSONAL NAME
Personal name Rosenblum,Morris
942 ## - ADDED ENTRY ELEMENTS (KOHA)
Koha item type Book
Holdings
Withdrawn status Lost status Damaged status Not for loan Collection Home library Current library Date acquired Total checkouts Full call number Barcode Date last seen Price effective from Koha item type Date last checked out
          MRSPTU Central Library MRSPTU Central Library     667 MU-A 13350 08/17/2023 08/17/2023 Book  
          MRSPTU Central Library MRSPTU Central Library   3 667 MU-A 13351 04/09/2026 08/17/2023 Book 03/20/2026

Website Designed and Developed by MRSPTU Central Library Team

E-mail Id: librarian@mrsptu.ac.in